Der Rosenkavalier (Запис номер 528658)
[ съкратено ]
| 000 -Лидер | |
|---|---|
| Лидер | 02163njm a2200337 c 4500 |
| 003 - Код на организацията, давaща контролен номер | |
| Код на организацията, даваща контролен номер | BLK |
| 005 - Дата и час на последна редакция | |
| Дата и час на последна редакция | 20250312140049.0 |
| 007 - Фиксирано поле за физическо описани | |
| Физическо описание | sd ammalaaahaa |
| 008 - Елементи от данни с фиксирана дължина | |
| Елементи с фиксирана дължина | 180413b bul||n|| |||||||| n|bulo| |
| 028 ## - PUBLISHER NUMBER | |
| Издателски номер | 825151 |
| 040 ## - Източник на каталожния запис | |
| Код на библиотеката | BLK |
| 041 ## - Код за език | |
| Език на записа | Немски |
| Език за КДБФ | Немски |
| 080 ## - УДК | |
| УДК текст | Опера. Музикална драма. Романтична опера. Опера-приказка |
| УДК код | 782.1 |
| УДК – определител | (086.72) |
| УДК – код + определител | 782.1(086.72) |
| 100 1# - Редна дума - Автор | |
| R(LIN) | 25540 |
| Автор | Strauss, Richard |
| 245 ## - Сведения за заглавието | |
| Заглавие | Der Rosenkavalier |
| Авторска отговорност | Richard Strauss ; Staatskapelle Dresden ; Karl Böhm, Dirigent |
| 260 ## - Област на издателските данни | |
| Място на издаване | Berlin |
| Име на издателя | Deutsche Schallplatten |
| Година на издаване | 1976 |
| 9 (RLIN) | 210744 |
| 300 ## - Физическа характеристика | |
| Брой страници | 1 грамофонна плоча |
| Илюстрации | 33 об/мин, двустранна, стерео |
| Размер | 30 см |
| 380 ## - Жанр | |
| Жанр | Изкуство |
| 490 ## - СЕРИИ (Колекции) | |
| 9 (RLIN) | 493861 |
| Серия | Eterna |
| 500 ## - Общи забележки | |
| Обща забележка | I страна<br/>A1 Di Rigóri Armáto<br/>A2 Mein Lieber Hippolyte<br/>A3 Da Geht Er Hin<br/>A4 Vorspiel Zum 2. Akt<br/>A5 Ein Ernster Tag<br/>A6 Mir Ist Die Ehre Widerfahren (Überreichung Der Silbernen Rose)<br/> |
| 500 ## - Общи забележки | |
| Обща забележка | II страна<br/><br/>B1 Heirat' Den Herrn Dort Nicht<br/>B3 Da Lieg' Ich<br/>B4 So Schnell Hat Sie Ihn Gar So Lieb?<br/>B4 Hab Mir's Gelobt<br/>B5 Ist Ein Traum, Kann Wirklich Nicht Sein |
| 500 ## - Общи забележки | |
| Обща забележка | Изпълнители:<br/>Alto Vocals [Annina] – Sieglinde Wagner<br/>Baritone Vocals [Herr Von Faninal, Ein Reicher Neugeadelter] – Dietrich Fischer-Dieskau<br/>Bass Vocals [Der Baron Ochs Auf Lerchenau] – Kurt Böhme<br/>Bass Vocals [Notar] – Fred Teschler<br/>Soprano Vocals [Fürstin Werdenberg] – Marianne Schech<br/>Soprano Vocals [Jungfer Marianne Leitmetzerin] – Ilona Steingruber<br/>Soprano Vocals [Octavian] – Irmgard Seefried<br/>Soprano Vocals [Sophie] – Rita Streich<br/>Tenor Vocals [Der Haushofmeister Bei Faninal] – Johannes Kemter<br/>Tenor Vocals [Ein Sänger] – Rudolf Francl<br/>Tenor Vocals [Valzacchi] – Gerhard Unger<br/> |
| 650 #0 - Допълнително описание по предмет – тема | |
| 9 (RLIN) | 315976 |
| Предметна рубрика | Опера, комична |
| 653 ## - Ключова дума – ненормативна | |
| 9 (RLIN) | 188915 |
| Ключови думи | комична опера |
| 852 ## - Местоположение | |
| Сигнатура (форматна) | Ф ІІ 4853 |
| 856 4# - Електронен адрес и достъп | |
| Електронен формат | pdf - файл |
| Път до файла (ресурса) | |
| Инструкция (цена за достъп) | 0.00 |
| Права за достъп | disable |
| 856 4# - Електронен адрес и достъп | |
| Електронен формат | pdf - файл |
| Път до файла (ресурса) | |
| Инструкция (цена за достъп) | 0.00 |
| Права за достъп | disable |
| 942 ## - АРТИКУЛИ | |
| Вид на библиотечния документ | Грамофонни плочи |
| Скрит в OPAC | Не |
| 944 ## - СЪЗДАВАНЕ И РЕДАКЦИЯ на ЗАПИСА | |
| Дата на регистрацията/редакция | Вася Ганчева |
| Служител, извършил регистрацията/редакцията | 30549 |
| Статус, дата на статуса | Вася Ганчева |
| Създаване/Редакция | |
| 944 ## - СЪЗДАВАНЕ И РЕДАКЦИЯ на ЗАПИСА | |
| Създаване/Редакция | Редакция |
| Дата на регистрацията/редакция | 26.01.2004 |
| 999 ## - СИСТЕМНИ КОНТРОЛНИ НОМЕРА | |
| Koha biblionumber | 528658 |
| Koha biblioitemnumber | 528658 |
| Код за отписване | Код за изгубен артикул | Източник на класификационната схема | Код за повреда | Код за отдаване | Артикулен № | Име на библиотеката - собственик | Име на библиотеката, в която се намира в момента | Статус (Текущо местоположение) | Дата на вписване в системата | Местоположение - отдел | Цена в лева | Инвентарен номер | Систематично азбучна сигнатура | Баркод | Цена в евро | Служебен тип на артикула |
|---|---|---|---|---|---|---|---|---|---|---|---|---|---|---|---|---|
| Не е изгубен | Universal Decimal Classification | Не е повреден | ползва се в читалня | 963179 | Регионална библиотека "Любен Каравелов" Русе | Регионална библиотека "Любен Каравелов" Русе | Хранилище | 2025-03-12 | Основен фонд - ползва се само за читалня | 5.00 | 11441 | Ф ІІ 4853 | 900000115199 | 2.56 | Грамофонни плочи |